000 00264nam a22001217a 4500
008 180802b xxu||||| |||| 00| 0 eng d
082 _a813.52
245 _aSonny Rollins
_cBMI
260 _c2006
300 _a1
_fCD
440 _x39928002521836
942 _2ddc
_cMX
999 _c46712
_d46712